Starting Our Own Backyards:How Working Families Can Build Community And Survive The New Economy (Record no. 4864)
[ view plain ]
| 000 -LEADER | |
|---|---|
| fixed length control field | 00358nam a2200109Ia 4500 |
| 008 - FIXED-LENGTH DATA ELEMENTS--GENERAL INFORMATION | |
| fixed length control field | 200302s9999 xx 000 0 und d |
| 100 ## - MAIN ENTRY--PERSONAL NAME | |
| Personal name | Ann Bookman |
| 245 ## - TITLE STATEMENT | |
| Title | Starting Our Own Backyards:How Working Families Can Build Community And Survive The New Economy |
| 260 ## - PUBLICATION, DISTRIBUTION, ETC. | |
| Name of publisher, distributor, etc. | Routledge Taylor & Francis Group, London and NewYork |
| 260 ## - PUBLICATION, DISTRIBUTION, ETC. | |
| Date of publication, distribution, etc. | 2004 |
| 300 ## - PHYSICAL DESCRIPTION | |
| Extent | 306 P |
| Withdrawn status | Lost status | Source of classification or shelving scheme | Damaged status | Not for loan | Permanent Location | Current Location | Date acquired | Cost, normal purchase price | Full call number | Barcode | Date last seen | Price effective from | Koha item type | Public note |
|---|---|---|---|---|---|---|---|---|---|---|---|---|---|---|
| BMS College of Architecture, Design and Planning | BMS College of Architecture, Design and Planning | 2020-03-03 | 1835.60 | 306.36 | CL-UG69857 | 2020-03-03 | 2020-03-03 | UG Books from CL | S-15 |